000
00312nam a2200145Ia 4500
003
OSt
005
20231121061358.0
008
170523s9999 xx 000 0 und d
020
_a
0-07-115233-4
040
_c
IIMT
100
_a
DONNELL
245
0
_a
FUNDAMENTAL OF MANAGEMENT
260
_b
PHI
942
_2
ddc
_c
02
999
_c
1947
_d
1947